| 000 | 00402nam a2200145Ia 4500 | ||
|---|---|---|---|
| 008 | 230917s9999||||xx |||||||||||||| ||und|| | ||
| 040 |
_e164880 _aMAIN |
||
| 041 | _aEnglish | ||
| 082 | _a891.431721 TR431721 | ||
| 100 | _aत्रिलाचन | ||
| 245 | 0 | _aसबका अपना आकाश | |
| 260 |
_aदिल्ली _bराजकमल _c1987 |
||
| 300 | _a71पृ. p. | ||
| 942 | _cHN | ||
| 999 |
_c63792 _d63792 |
||